Prótesis fija: preparaciones biológicas, impresiones y restauraciones provisionales (Registro nro. 4713)

Detalles MARC
000 -Cabecera
Campo de control de longitud fija 00916aam a2200325 4500
005 - Fecha y hora de la última transacción
Campo de control 20260427135127.0
008 - Elementos de longitud fija--Información general
Campo de control de longitud fija 150416b2001 xxu||||| |||| 00| 0 spa d
020 ## - International Standard Book Number
Número Internacional Estándar del Libro (ISBN) 956220197X
041 ## - Idioma
Código de idioma Español
082 ## - Clasificación Decimal Dewey
Número de clasificación 617.692 C331p
100 ## - Entrada principal--Autor personal
Nombre personal Carvajal Herrera, Juan Carlos
245 ## - Título propiamente dicho
Título Prótesis fija: preparaciones biológicas, impresiones y restauraciones provisionales
260 ## - Pie de imprenta
Lugar de publicación, distribución, etc. Chile
260 ## - Pie de imprenta
Nombre del editor, distribuidor, etc. Mediterráneo
260 ## - Pie de imprenta
Fecha de publicación, distribución, etc. 2001
300 ## - Descripción física
Extensión 137 páginas
300 ## - Descripción física
Otras características físicas Ilustraciones a color
490 ## - Serie
Título de la Serie Mecánica Dental
650 ## - Materia general
Temática (materia general) PRÓTESIS DENTALES
650 ## - Materia general
Temática (materia general) PRÓTESIS FIJA
650 ## - Materia general
Temática (materia general) OCLUSIÓN
650 ## - Materia general
Temática (materia general) PREPARACIÓN DENTAL
650 ## - Materia general
Temática (materia general) REDUCCIÓN DENTARIA
650 ## - Materia general
Temática (materia general) RESTAURACIONES PROVISIONALES
650 ## - Materia general
Temática (materia general) MUÑON DENTARIO
650 ## - Materia general
Temática (materia general) DESGASTE DENTARIO
650 ## - Materia general
Temática (materia general) PREPARACIONES BIOLÓGICAS
650 ## - Materia general
Temática (materia general) MATERIALES DE IMPRESIÓN
942 ## - Punto de acceso adicional KOHA
Tipo de ítem KOHA Libro
Fuente del sistema de clasificación o colocación Dewey Decimal Classification
Existencias
Signatura completa Código de barras Programa Académico Tipo de ítem
617.692 C331p 8945 Mecánica Dental Libro
617.692 C331p 9997 Mecánica Dental Libro